000 00838nam a22002177a 4500
999 _c17204
_d17204
003 AR-CdUCM
008 190507b ||||| |||| 00| 0 spa d
040 _aMUNICIPALIDAD PROVINCIAL DEL CUSCO
_cBIBLIOTECA MUNICIPAL DEL CUSCO
082 _a330.981 /
_bU72
100 _aUrquidi, Victor L.
_99018
245 _aViabilidad económica de América Latina /
260 _aMéxico :
_bFondo de cultura económica,
_c1962.
300 _a205 páginas ;
_c22 cm.
440 _aSección de obras económicas
_95013
505 _aContenido : Algunas problemas de estructuras -- Las perspectivas del comercio internacional y américa latina -- Los embrollos monetarios y financieros ...
650 _aViabilidad
_937078
650 _aEconómica
_92402
650 _aAmérica Latina
_91130
942 _2ddc
_cLIBROS
945 _arah
_d07/05/2019